Statistics for May 1st: Birthdays

Click here to take the quiz!

General Stats

  • This quiz has been taken 4 times
  • The average score is 2 of 8

Answer Stats

YearClueAnswer% Correct
1738King of HawaiiKamehameha I
67%
1967Actor in The Blind SideTim McGraw
67%
1852American FrontierswomanCalamity Jane
33%
1918Host of The Tonight ShowJack Paar
33%
1769British Prime MinisterArthur Wellesley
0%
1972First Filipino to play in the MLBBobby Chouinard
0%
1975Actress in A World ApartJodhi May
0%
19391st African American network TV anchorMax Robinson
0%

Score Distribution

Percentile by Number Answered

Percent of People with Each Score

Your Score History

You have not taken this quiz